Komary rasskazy

Bibliographic Details
Main Author: Bednyj, Boris Vasilievič, 1916-1977 (Author)
Format: Book
Language:Russian
PhysicalDescription:61 s. 17 cm
Published: Moskva Pravda 1952
Series:Ogonëk

MARC

LEADER 00000nam a2200000 a 4500
001 vtls001316118
003 SK-MaSNL
005 20260301200126.0
008 251113s1952 RU 0 rus
035 |a SNK000268623 
040 |a SNK  |b slo  |c SNK  |e AACR2 
044 |a RU 
100 1 |a Bednyj, Boris Vasilievič,  |d 1916-1977  |4 aut  |9 200029 
245 1 |a Komary  |b rasskazy  |c Boris Bednyj 
260 |a Moskva  |a Pravda  |c 1952 
300 |a 61 s.  |c 17 cm 
490 1 |a Ogonëk  |v no 15 
830 0 |a Ogonëk  |9 578891 
999 |c 889073  |d 891003 
952 |t P60, <04>, [BOOK], {604}  |a SNK  |b SNK  |y VYP  |7 0  |p 17A0113545  |o snkID 7866/15/52  |i snkII. 121/52  |0 0  |1 0  |4 0  |d 1998-01-13  |l 0  |r 2005-01-02 00:00:00  |w 2026-02-24